Personajes Disney Dreamlight Valley (DDLV) 2025 - Estadísticas

Estadísticas generales
  • Esta prueba ha sido intentada 27 veces
    16 desde el último reinicio
  • La puntuación promedio es 29 de 68
Estadísticas de respuestas
Hint Respuesta % Correcto
Frozen Ana
85%
La sirenita Ariel
85%
Frozen Elsa
85%
M___ y sus amigos Mickey Mouse
85%
A___ en el país de las maravillas Alicia
77%
La bella durmiente Aurora
77%
La B___ y la B____ Bella
77%
La B___ y la B____ Bestia
77%
M___ y sus amigos Minnie Mouse
77%
Enredados Rapunzel
77%
M___ y sus amigos Daisy Duck
69%
M___ y sus amigos Donald Duck
69%
M___ y sus amigos Goofy
69%
La B___ y la B____ Lumiere
69%
Brave Mérida
69%
Lilo & S____ Stitch
69%
T___ y el sapo Tiana
69%
La sirenita Ursula
69%
Toy Story Buzz Lightyear
62%
La sirenita Eric
62%
El rey león Simba
62%
Toy Story Woody
62%
Del revés Alegría
54%
La B___ y la B____ Gastón
54%
La bella durmiente Maléfica
54%
Encanto Mirabel
54%
El rey león Nala
54%
A_____ Aladdin
46%
Monstruos S.A Mike Wazowski
46%
Frozen Olaf
46%
Del revés Tristeza
46%
W___ Walle
46%
W___ Eva
38%
Hercules Hades
38%
Pesadillas antes de navidad Jack Skellington
38%
A_____ Jafar
38%
A_____ Jasmine
38%
La espada en la piedra Merlin
38%
P___ P___ Peter Pan
38%
Ratatouille Remy
38%
El rey león Scar
38%
La B___ y la B____ Ding Dong
31%
Frozen Kristoff
31%
Enredados Madre Gothel
31%
M____ Mulán
31%
El rey león Pumba
31%
Monstruos S.A Sulley
31%
El rey león Timón
31%
Cenicienta Hada Madrina
23%
M____ Mushu
23%
O___ el conejo de la suerte Oswald
23%
Pesadillas antes de navidad Sally
23%
Rompe Ralph Vanellope
23%
M____ Maui
15%
M____ Moana
15%
Enredados Flynn Rider
8%
M____ Hei-Hei
8%
La sirenita Max
8%
M____ Púa
8%
La B___ y la B____ Sultán
8%
M___ y sus amigos Tio Gilito
8%
A_____ Alfombra Mágica
0%
La bella durmiente Diablo
0%
A___ en el país de las maravillas Diana
0%
M___ y sus amigos Figaro
0%
A___ en el país de las maravillas Gato Chesire
0%
P___ P___ Nana
0%
Star Wars R2D2
0%
No se encontraron pruebas coincidentes
Distribución de puntuación
Porcentaje de gente con cada puntuación
Porcentaje por número respondido
Historial de tus puntuaciones
No has intentado esta prueba desde el último reinicio